MARC

LEADER 00000nam0a2200000 4500
001 68212
005 20231031074632.0
010 |a 5982980722 
035 |a (RuTPU)RU\TPU\book\72612 
090 |a 68212 
100 |a 20041001d2004 m y0rusy50 ca 
101 0 |a rus 
102 |a RU 
105 |a a j 001zy 
200 1 |a Подготовка, транспорт и хранение скважинной продукции  |e учебное пособие  |f Н. А. Сваровская  |g ТПУ 
210 |a Томск  |c Изд-во ТПУ  |d 2004 
215 |a 268 с.  |c ил. 
320 |a Библиогр.: с. 266 
451 1 |0 (RuTPU)RU\TPU\book\189124  |t Подготовка, транспорт и хранение скважинной продукции  |o учебное пособие  |f Н. А. Сваровская  |g ТПУ  |e 2-е изд.  |c Томск  |n Изд-во ТПУ  |d 2009  |p 299 с.  |a Сваровская, Наталья Алексеевна 
610 1 |a горное дело 
610 1 |a скважинная продукция 
610 1 |a нефть 
610 1 |a газ 
610 1 |a вода 
610 1 |a свойства 
610 1 |a состав 
610 1 |a нефтяные системы 
610 1 |a промысловая подготовка 
610 1 |a трубопроводный транспорт 
610 1 |a парафиновые отложения 
610 1 |a коррозионные разрушения 
610 1 |a хранение 
610 1 |a учебные пособия 
675 |a 622.69(075.8)  |v 3 
700 1 |a Сваровская  |b Н. А.  |g Наталья Алексеевна 
712 0 2 |a Томский политехнический университет  |2 stltpush  |3 (RuTPU)RU\TPU\col\376 
801 1 |a RU  |b 63413507  |c 20041001  |g PSBO 
801 2 |a RU  |b 63413507  |c 20230323  |g PSBO 
900 |a Нефтегазопромысловое оборудование 
900 |a Газонефтепроводы и газонефтехранилища 
900 |a Скважинная добыча нефти 
900 |a Подземный ремонт нефтяных и газовых скважин 
900 |a Подготовка, транспорт и хранение скважинной продукции 
900 |a Проектирование и эксплуатация насосных и компрессорных станций 
942 |c BK 
951 |a 553600  |b 090700